000
00300nam a2200133Ia 4500
008
230312s9999||||xx |||||||||||||| ||und||
082
_a
658.15
_b
SAE-P
100
_a
Saeed;Khawaja,Amjad
245
0
_a
Personnel Management
260
_a
PK
_c
2009
300
_a
206
650
_a
Management
942
_c
BK
999
_c
4604
_d
4604